000 00994nam a22002177a 4500
999 _c58965
_d58965
003 Ge_BSU
005 20241107121007.0
008 221025s2000 ge ||||| |||| 00| 0 geo d
020 _a9992844973
041 _ageo
080 _a611.9(073) : 616-089(073) ტ-70
245 _aტოპოგრაფიული ანატომია და ოპერაციული ქირურგია :
_bკიდურები /
_cრედ: ა. ინაური, ნ. ხოდელი.
264 _aბათუმი:
_bს. ს. გამ-ბა აჭარა,
_c2000.
300 _a338 გვ.:
_bილ.;
_c30 სმ.
653 _aტოპოგრაფიული ანატომია
653 _aოპერაციული ქირურგია
653 _aმედიცინა
700 _aინაური, ა.
_eრედაქტორი
_915523
700 _aხოდელი, ნ.
_eრედაქტორი
_915524
942 _2udc
_cBK